000 00468nam a2200169Ia 4500
005 20250508152613.0
008 008 250505s9999 xx 000 0 eng d
037 _aTextual
040 _aFEDL
_beng
_cFEDL
041 _aeng
_2eng
084 _a372.7, BEA
_qFEDL
245 0 _aBeacon arithmetic, Book 2 Part 2: Answer
260 _aLondon, UK
_bGinn and Company Ltd
_c1954
300 _a42p
942 _cTEXL
_h372.7, BEA
999 _c1337544
_d1337544